<?xml version="1.0" encoding="UTF-8"?>
<collection xmlns="http://www.loc.gov/MARC21/slim">
  <record>
    <leader>00000nam  2200000   4500</leader>
    <controlfield tag="001">INLIS000000000020609</controlfield>
    <controlfield tag="005">20250724121206</controlfield>
    <datafield tag="035" ind1="#" ind2="#">
      <subfield code="a">0010-0725000139</subfield>
    </datafield>
    <controlfield tag="007">ta</controlfield>
    <controlfield tag="008">250724################|##########|#|##</controlfield>
    <datafield tag="084" ind1="#" ind2="#">
      <subfield code="a">R 0013 PKA 2024</subfield>
    </datafield>
    <datafield tag="100" ind1=" " ind2="#">
      <subfield code="a">Muhammad Ardiansya</subfield>
    </datafield>
    <datafield tag="245" ind1="1" ind2="#">
      <subfield code="a">Peningkatan Analisis dan Publikasi Data dan Informasi Sektor Industri Kimia, Farmasi dan Tekstil Melalui Optimalisasi Dashboard IKFT /</subfield>
      <subfield code="c">Muhammad Ardiansya</subfield>
    </datafield>
    <datafield tag="260" ind1="#" ind2="#">
      <subfield code="a">Jakarta :</subfield>
      <subfield code="b">Pusbangkom Pimnas dan Manajerial ASN,</subfield>
      <subfield code="c">2024</subfield>
    </datafield>
    <datafield tag="300" ind1="#" ind2="#">
      <subfield code="a">23 hlm. ;</subfield>
      <subfield code="c">30 cm</subfield>
    </datafield>
    <datafield tag="650" ind1="#" ind2="4">
      <subfield code="a">Dashboard IKFT</subfield>
    </datafield>
    <datafield tag="520" ind1="#" ind2="#">
      <subfield code="a">Dalam pembangunan industri nasional, data dan informasi memiliki peran yang penting untuk menuntun arah kebijakan. Ketersediaan data dan informasi yang akurat, relevan, dan terkini digunakan untuk : menganalisis tren industri seperti mengidentifikasi peluang dan tantangan dan perubahan yang sedang berkembang, dasar dalam melakukan perencanaan strategis, mengevaluasi kinerja kebijakan, transparansi dan akutabilitas kebijakan.</subfield>
    </datafield>
    <datafield tag="990" ind1="#" ind2="#">
      <subfield code="a">2024/1.2.3/A/0013</subfield>
    </datafield>
  </record>
</collection>
